1323 1702 1309 1425 1900 1628 1441 1449 1686 1991 1060 1941 1046 1011 1484 1481 1280 1290 1263 1294 1574 1671 1595 1905 1441 1795 1642 1378 1714 1886 1181 1005 1550 1051 1011 1976 1267 1600 1767 1142 1399 1709 1672 1729 1475 1585 1983 1118 1887 1346 1515 1483 1969 1643 1587 1943 1722 1028 1737 1781 1372 1869 1956 1888 1156 1739 1557 1452 1305 1260 1880 1879 1854 1997 1664 1803 1142 1392 1657 1940 1515 1483 1901 1596 1030 1097 1059 1512 1884 1503 1286 1585 1976 1526 1257 1446 1143 1843 1865 BCNSPRNW ULIB Ver.6.0+V

เปลี่ยนเป็นภาษาไทย

Change to English
 แสดงรายละเอียดบรรณานุกรม
  กลับหน้าหลัก

Brief Record : Get Marc (ISO 2709) : E-mail record : QR code < ปิดหน้าต่าง
LEADER : 00000nam 2200000uu 4500
001    13399113574
003     ULIB
008    020711s2549 th a 000 0 tha d
020    ^a97897438963
090    ^aนว.ส693ส 2549
100    ^aสุภฤกษ์ บุญทอง
245    ^aสามก๊ก (ฉบับการ์ตูน)/^cสุภฤกษ์ บุญทอง
250    ^aพิมพ์ครั้งที่ 1
260    ^aปทุมธานี :^bสกายบุคส์,^c2549
300    ^a444 หน้า
945    ^p0^l0^i018640
995    ทศพร
999 ^a ทศพร
รายการนี้ยังไม่มีแท็ก
คุณยังไม่ได้ล็อกอิน คุณสามารถมีกิจกรรมร่วมกับเว็บไซต์ได้ แต่ต้องล็อกอินก่อน ::
  ล็อกอิน

รายการสื่อสารสนเทศ

ลำดับที่ ประเภท เลขเรียก/บาร์โค้ด สถานที่ สถานะ
1. นวนิยาย
นวนิยาย
นว.ส693ส 2549 ฉ.1 
  Barcode: 018640
ห้องสมุดวิทยาเขตสวรรค์ประชารักษ์
►นวนิยาย
บนชั้น
  ขอยืม

รายการใกล้เคียง
    ผู้แต่ง [สุภฤกษ์ บุญทอง]

BibComment


ยังไม่เคยถูกคอมเมนท์

คอมเมนท์ทรัพยากรรายการนี้
  คอมเมนท์: สามก๊ก ฉบับการ์ต..


 Copyright 2026. Bcnsprnw @Library